| 000 | 00650nam a22001577a 4500 | ||
|---|---|---|---|
| 003 | NUST | ||
| 082 |
_a005.8,YAS _bMCS |
||
| 100 |
_aYaseen, Muhammad (MSIS-13) _9121040 |
||
| 245 |
_aSensors Date Acquisition and Transmission Protection in Ehealthcare System / _cMuhammad Yaseen (MSIS-13) |
||
| 264 |
_aRawalpindi _bMCS (NUST) _cNov, 2013 |
||
| 300 | _axi, 70p. | ||
| 505 | _aIntroduction (Page-10, Literature review (Page-6), proposed solution and architecture (Page-260, Implementation (Page-52), results and Analysis (page-59), Conclusion and Future Work (Page-65). | ||
| 650 |
_aPG Thesis _935000 |
||
| 690 |
_aMSIS-13 _9121042 |
||
| 942 |
_2ddc _cTHE |
||
| 999 |
_c608000 _d608000 |
||